Γλωσσολογία σε εφαρμογή
Αποθηκεύτηκε σε:
| Κύριος συγγραφέας: | |
|---|---|
| Μορφή: | Βιβλίο |
| Γλώσσα: | Greek |
| Δημοσίευση: |
Αθήνα :
Ινστιτούτο του βιβλίου - Α.Καρδαμίτσα,
2007.
|
| Θέματα: | |
| Ετικέτες: |
Προσθήκη ετικέτας
Δεν υπάρχουν, Καταχωρήστε ετικέτα πρώτοι!
|
MARC
| LEADER | 00000nam a2200000 i 4500 | ||
|---|---|---|---|
| 001 | 1/29703 | ||
| 008 | 130520s2007 gr | |||| ||| ||gre|| | ||
| 020 | |a 9789603541639 | ||
| 035 | |l 10114427 | ||
| 040 | |a GR-MY-UA |b gre |e aacr | ||
| 041 | 0 | |a gre | |
| 082 | 7 | |a 410 |2 (23) | |
| 100 | 1 | |a Κατσιμαλή, Γεωργία. | |
| 245 | 1 | 0 | |a Γλωσσολογία σε εφαρμογή / |c Γεωργία Κατσιμαλή. |
| 260 | |a Αθήνα : |b Ινστιτούτο του βιβλίου - Α.Καρδαμίτσα, |c 2007. | ||
| 300 | |a 239 σ. ; |c 24 εκ. | ||
| 504 | |a Βιβλιογραφία: σ. 229-239. | ||
| 650 | 0 | 0 | |a Linguistics. |
| 650 | 0 | 0 | |a Greek language, Modern. |
| 650 | 0 | 0 | |a Greek language, Modern |x Study and teaching. |
| 852 | |a INST |b RHODES |c EUDOXUS |e 20130520 |h 410 ΚΑΤ |p 005400035214 |q 005400035214 |t EDX |y 0 | ||
| 852 | |a INST |b RHODES |c EUDOXUS |e 20170120 |h 410 ΚΑΤ |p 005400039037 |q 005400039037 |t EDX |y 0 | ||
| 901 | |a BIBL4-2013-2 | ||
| 909 | |a Ρ |b 176743 | ||
| 920 | |a Εύδοξος |b Παραγγελία |y Ρόδος-ΤΜΣ |z 2017-01 | ||
| 920 | |a Εύδοξος |b Παραγγελία |y Ρόδος-ΤΜΣ |z 2013-05 | ||
| 922 | |a 4ΕΛΗ | ||
| 970 | |z 2013/05/19 | ||